=LDR 00000nam 2200000 4500 =001 INLIS000000000809814 =008 ###################################ind## =035 ##$$a 0010-0825000307 =245 ##$$a Kreasi Aneka Wadah / $c Bagas Shinugi =260 ##$$b Mediantara =020 ##$$a 978979127659 =084 ##$$a 745.5 NUG k =520 ##$$a MENGGAMBAR DAN SENI DEKORASI =082 ##$$a 745.5